| 000 | 00000nam##2200000za#4500 |
| 001 | 9.695483 |
| 003 | CaOODSP |
| 005 | 20210624234610 |
| 007 | cr ||||||||||| |
| 008 | 150407|2010||||xxc|||||o f|0| 0 eng|d |
| 020 | |a978-1-100-19952-8 |
| 040 | |aCaOODSP|beng |
| 043 | |an-cn--- |
| 086 | 1 |aPS4-106/2010E-PDF |
| 110 | 1 |aCanada. |bPublic Safety Canada. |
| 245 | 10|aWomen and organized crime / |h[electronic resource]|cby Margaret Beare. |
| 260 | |aOttawa - Ontario : |bPublic Safety Canada |c2010. |
| 300 | |a68p.|bgraphs, tables |
| 500 | |a"Report no. 013, 2010"--p. 1 of 68. |
| 504 | |aBibliography. |
| 590 | |a12-05-Supp|b2012-03-02 |
| 720 | 1 |aBeare, Margaret |
| 775 | 08|tLes femmes et le crime organisé / |w(CaOODSP)9.639620 |
| 856 | 40|ahttp://publications.gc.ca|qPDF|s895 KB|uhttps://publications.gc.ca/collections/collection_2012/sp-ps/PS4-106-2010-eng.pdf |